Регионална библиотека "Любен Каравелов" - Русе

Записки по българските въстания (Запис номер 187684)

MARC детайли
000 -Лидер
Лидер 01988nam a2200385 a 4500
003 - Код на организацията, давaща контролен номер
Код на организацията, даваща контролен номер BLK
005 - Дата и час на последна редакция
Дата и час на последна редакция 20250617145603.0
008 - Елементи от данни с фиксирана дължина
Елементи с фиксирана дължина 180411b bul|||||r ||||||| ||bul||
020 ## - Международен стандартен номер на книга ISBN
ISBN 978-954-09-0302-6
040 ## - Източник на каталожния запис
Код на библиотеката BLK
041 ## - Код за език
Език Български
Език за КДБФ Български
080 ## - УДК
УДК текст Българска литература
УДК код 821.163.2
УДК – определител -94
УДК – код + определител 821.163.2-94
080 ## - УДК
УДК текст Националнореволюционно движение през 70-те години
УДК код 94(497.2)"187..."
УДК – определител (093.3)
УДК – код + определител 94(497.2)"187..."(093.3)
100 ## - Редна дума - Автор
Автор Стоянов, Захарий
Биография на автора Стоянов, Захари
Години, свързани с автора 1850-1889
Пълна форма на името Джедев, Джендо Стоянов
R(LIN) 364101
245 10 - Сведения за заглавието
Заглавие Записки по българските въстания
Подзаглавни данни Кн. 1 - 2
Авторска отговорност Захарий Стоянов; състав. и бел. Тодор Ташев.
Том Кн. 2
257 ## - Страна на издаване
Страна на създаване/издаване България
260 ## - Област на издателските данни
Година на издаване 2016
Печатница София : Д. Благоев
9 (RLIN) 209473
Място на издаване София
Име на издателя Захарий Стоянов
300 ## - Физическа характеристика
Брой страници 503 с.
Размер 22 см
380 ## - Жанр
Жанр Худож. лит.
500 ## - Общи забележки
Обща забележка Захари Стоянов - псевд. на Джендо Стоянов Джедев. - - 1. изд. 1884-1892 в 3 т., изд. на Областна печ. - Пловдив, печ. Л. Каравелов и сие - Русе и Ан. Стоянова.
650 #4 - Допълнително описание по предмет – тема
Предметна рубрика Националноосвободително движение - България - извори
9 (RLIN) 265324
651 #4 - Допълнително описание по предмет - топоним
Географско понятие България
9 (RLIN) 241624
653 ## - Ключова дума – ненормативна
Ключови думи националноосвободителни движения
653 ## - Ключова дума – ненормативна
Ключови думи Априлско въстание
653 ## - Ключова дума – ненормативна
Ключови думи българска история
653 ## - Ключова дума – ненормативна
Ключови думи спомени
700 ## - Други автори (авторска отговорност)
Друг автор Ташев, Тодор Лазаров
Авт. отговорност на др. автор състав. и бел.
9 (RLIN) 256017
852 ## - Местоположение
Сигнатура (форматна) Цб 283276
856 4# - Електронен адрес и достъп
Електронен формат pdf - файл
856 4# - Електронен адрес и достъп
Електронен формат pdf - файл
942 ## - АРТИКУЛИ
Вид на библиотечния документ Книги
Скрит в OPAC Не
Koha issues (borrowed), all copies 8
944 ## - СЪЗДАВАНЕ И РЕДАКЦИЯ на ЗАПИСА
Създаване/Редакция Създаване
Дата на регистрацията/редакция 23.11.2016
Номер на служител Цветелина Шанова
Служител, извършил регистрацията/редакцията 30531
944 ## - СЪЗДАВАНЕ И РЕДАКЦИЯ на ЗАПИСА
Създаване/Редакция Редакция
Дата на регистрацията/редакция 2023-07-24
Служител, извършил регистрацията/редакцията ГГГ
999 ## - СИСТЕМНИ КОНТРОЛНИ НОМЕРА
Koha biblionumber 187684
Koha biblioitemnumber 187684
Наличности
Код за отписване Код за изгубен артикул Код за повреда Коз за рестрикции Код за отдаване Артикулен № Име на библиотеката - собственик Име на библиотеката, в която се намира в момента Статус (Текущо местоположение) Дата на вписване в системата Местоположение - отдел Цена в лева Инвентарен номер Систематично азбучна сигнатура Баркод Номер на екземпляра Цена в евро Служебна бележка Служебен тип на артикула
  Не е изгубен Не е повреден без рестрикции заемане за дома 327984 Регионална библиотека "Любен Каравелов" Русе Регионална библиотека "Любен Каравелов" Русе Заемна - подръчен фонд 2016-11-24 Заемна - подръчен фонд 15.76 120000806020 П 886.7-9/С 83 120000806020 1 8.06 Дост: Pk Вид: Ф N: 2700 Дата: 16.11.2016 Книги
Vip Innovations Ltd, Rousse, Bulgaria 2025